La sombra de Ferrer (Record no. 138439)

MARC details
000 -LEADER
campo de control de longitud fija 00560nam a2200157 4500
001 - NÚMERO DE CONTROL
campo de control 138439
003 - IDENTIFICADOR DE NÚMERO DE CONTROL
campo de control ES-MaACL
005 - FECHA Y HORA DE LA ÚLTIMA TRANSACCIÓN
campo de control 20230906195551.0
007 - CAMPO FIJO DE DESCRIPCIÓN FÍSICA--INFORMACIÓN GENERAL
campo de control de longitud fija t|
008 - DATOS DE LONGITUD FIJA--INFORMACIÓN GENERAL
campo de control de longitud fija 070214s1917 sp r ||||1| spa d
100 1# - ENTRADA PRINCIPAL--NOMBRE DE PERSONA
Nombre de persona Sangro y Ros de Olano, Pedro,
Títulos y otros términos asociados al nombre Marqués de Guad-el-Jelú.
9 (RLIN) 103144
245 13 - MENCIÓN DEL TÍTULO
Título La sombra de Ferrer
Resto del título : de la Semana Trágica a la guerra europea /
Mención de responsabilidad, etc. Pedro Sangro y Ros de Olano.
260 ## - PUBLICACIÓN, DISTRIBUCIÓN, ETC.
Lugar de publicación, distribución, etc. Madrid :
Nombre del editor, distribuidor, etc. [s. n.],
Fecha de publicación, distribución, etc. 1917 (
Fabricante Sobrinos de la Sucesora de M. Minuesa de los Rios)
300 ## - DESCRIPCIÓN FÍSICA
Extensión 554 p. ;
Dimensiones 26 x 17 cm.
852 ## - LOCALIZACIÓN
Ubicación ES-MaACL
Número de control de estantería F-1310
Holdings
Estatus retirado Estado de pérdida Estado de daño No para préstamo Biblioteca de origen Biblioteca actual Ubicación en estantería Fecha de adquisición Fuente de adquisición Total de préstamos Signatura topográfica completa Código de barras Visto por última vez Precio de reemplazo Tipo de ítem Koha
        Biblioteca del Ateneo de Madrid Biblioteca del Ateneo de Madrid Depósito 2 17/01/2008     F-1310 1144054 23/02/2023 23/02/2023 Libro impreso